Normal view
MARC view
- تأليف:الزعبي،هيثم/م مشارك:ابو الزيت،حسن/م مشارك:حمام،منير/م مشارك:ابو زيد،علي
Entry Personal Name
001 - CONTROL NUMBER
- control field: 29866
003 - CONTROL NUMBER IDENTIFIER
- control field: JO-AjAnu
005 - DATE AND TIME OF LATEST TRANSACTION
- control field: 20230606075038.0
008 - FIXED-LENGTH DATA ELEMENTS
- fixed length control field: 230606|| aca||aabn | a|a d
040 ## - CATALOGING SOURCE
- Original cataloging agency: JO-AjAnu
- Transcribing agency: JO-AjAnu
100 ## - HEADING--PERSONAL NAME
- Personal name: تأليف:الزعبي،هيثم/م مشارك:ابو الزيت،حسن/م مشارك:حمام،منير/م مشارك:ابو زيد،علي
670 ## - SOURCE DATA FOUND
- Source citation: Work cat.: (JO-AjAnu)15337: تأليف:الزعبي،هيثم/م مشارك:ابو الزيت،حسن/م مشارك:حمام،منير/م مشارك:ابو زيد،علي, author, تطبيقات الفا في الادارة:تخصصات-الادارة-التسويق-ادارة المستودعات:انظمة ألفا الادارية